[Event "Team BG11 chess final 2018"]
[Site "Sochi"]
[Date "2018.05.04"]
[Round "4.1"]
[White "Yaurov, Egor"]
[Black "Otdelnov, Kirill"]
[Result "1-0"]
[WhiteElo "1921"]
[BlackElo "1611"]
[PlyCount "101"]
[EventDate "2018.05.01"]

1. e4 c6 2. d4 d5 3. Nc3 dxe4 4. Nxe4 Nd7 5. Nf3 Ngf6 6. Nxf6+ Nxf6 7. Ne5 e6
8. c3 Be7 9. Bd3 O-O 10. O-O c5 11. dxc5 Bxc5 12. Bg5 Be7 13. Qc2 h6 14. Bh4
Qc7 15. Bg3 Bd6 16. Nf3 b6 17. Bxd6 Qxd6 18. Rad1 Qf4 19. Rfe1 Bb7 20. Ne5 Qg5
21. g3 Nd5 22. Be4 Qe7 23. Bxd5 Bxd5 24. Ng6 fxg6 25. Rxd5 Qf6 26. Rde5 Rae8
27. f4 Re7 28. Qe2 Rfe8 29. Qe4 Kf7 30. Rd1 Rc7 31. Rd6 Qe7 32. Qd3 Qf8 33. h4
Rc5 34. b4 Rxe5 35. fxe5 Re7 36. Rd8 Re8 37. Qf3+ Ke7 38. Qxf8+ Rxf8 39. Rxf8
Kxf8 40. g4 g5 41. hxg5 hxg5 42. Kf2 Ke7 43. Ke3 Kd7 44. Kd4 Kc6 45. c4 b5 46.
cxb5+ Kxb5 47. Kc3 Ka4 48. Kc4 a6 49. Kc5 g6 50. Kd6 Kxb4 51. Kxe6 1-0

[Event "Team BG11 chess final 2018"]
[Site "Sochi"]
[Date "2018.05.04"]
[Round "4.2"]
[White "Prokudin, Igor"]
[Black "Fomin, Nikita"]
[Result "1/2-1/2"]
[WhiteElo "1410"]
[BlackElo "1565"]
[PlyCount "83"]
[EventDate "2018.05.01"]

1. e4 e5 2. Nf3 Nc6 3. d4 exd4 4. Nxd4 Bb4+ 5. c3 Bc5 6. Bc4 d6 7. O-O Nf6 8.
Re1 O-O 9. Bg5 h6 10. Bh4 Ne5 11. Bb3 Ng6 12. Bg3 Re8 13. Bc2 d5 14. Nd2 c6 15.
N4b3 Bb6 16. exd5 Rxe1+ 17. Qxe1 Nxd5 18. Rd1 Bg4 19. Rc1 Qd7 20. Nc4 Re8 21.
Qd2 Re2 22. Qd3 Ndf4 23. Qxd7 Bxd7 24. Nxb6 axb6 25. Nd4 Rd2 26. Kf1 c5 27. Ke1
Rxc2 28. Nxc2 Nd3+ 29. Kd2 Nxc1 30. Kxc1 f5 31. Bc7 b5 32. g3 Kf7 33. Bd6 c4
34. Nd4 Ne7 35. Kd2 Nd5 36. Ke2 g5 37. h3 Kf6 38. Kd2 h5 39. f4 g4 40. h4 Kf7
41. Ke2 Ke8 42. Kd2 1/2-1/2

[Event "Team BG11 chess final 2018"]
[Site "Sochi"]
[Date "2018.05.04"]
[Round "4.3"]
[White "Tetyuev, Stepan"]
[Black "Otdelnov, Viktor"]
[Result "1/2-1/2"]
[WhiteElo "1376"]
[BlackElo "1427"]
[PlyCount "63"]
[EventDate "2018.05.01"]

1. e4 c6 2. d4 d5 3. Nc3 dxe4 4. Nxe4 Nd7 5. Nf3 Ngf6 6. Nxf6+ Nxf6 7. Ne5 Bf5
8. c3 e6 9. g4 Qd5 10. Rg1 Be4 11. f3 Bg6 12. h4 h6 13. Nxg6 fxg6 14. c4 Bb4+
15. Bd2 Bxd2+ 16. Qxd2 Qxf3 17. Be2 Qe4 18. O-O-O O-O-O 19. Rg3 e5 20. Rd3 Rxd4
21. Rxd4 exd4 22. g5 hxg5 23. hxg5 Nh5 24. Qxd4 Qxe2 25. Qd7+ Kb8 26. Qd6+ Kc8
27. Qd7+ Kb8 28. Qd6+ Kc8 29. Qd7+ Kb8 30. Qd6+ Kc8 31. Qd7+ Kb8 32. Qd6+
1/2-1/2

[Event "Team BG11 chess final 2018"]
[Site "Sochi"]
[Date "2018.05.04"]
[Round "4.4"]
[White "Vlasova, Olesia"]
[Black "Azimov, Timur"]
[Result "1/2-1/2"]
[WhiteElo "1607"]
[BlackElo "1438"]
[PlyCount "98"]
[EventDate "2018.05.01"]

1. e4 c5 2. Nf3 d6 3. d4 cxd4 4. Nxd4 Nf6 5. Nc3 a6 6. h3 e5 7. Nde2 h5 8. Bg5
Be6 9. g3 Nbd7 10. Bg2 Be7 11. a4 Rc8 12. O-O O-O 13. b3 Re8 14. Qd2 Qc7 15.
Rac1 Nb6 16. f4 Rcd8 17. f5 Bc8 18. Bxf6 Bxf6 19. Nd5 Nxd5 20. exd5 Qe7 21. h4
b5 22. axb5 axb5 23. Be4 Bd7 24. c4 bxc4 25. bxc4 Rc8 26. Qd3 Rc5 27. Rc3 Rec8
28. Ra1 Qd8 29. Rac1 Qb6 30. Kg2 Qa6 31. Ng1 Bd8 32. Bf3 Ba5 33. Ra3 Qb6 34.
Be2 f6 35. Rb1 Qc7 36. Qf3 Rb8 37. Rxb8+ Qxb8 38. Rb3 Qc8 39. Bd3 Ba4 40. Rb1
Be8 41. Nh3 Rc7 42. Nf2 Rb7 43. Qd1 Rxb1 44. Qxb1 Bd7 45. Ne4 Bc7 46. Nc3 Ba5
47. Nb5 Qb8 48. Qa2 Bb4 49. Qa6 Bc5 1/2-1/2

[Event "Team BG11 chess final 2018"]
[Site "Sochi"]
[Date "2018.05.04"]
[Round "4.1"]
[White "Vetokhin, Savva"]
[Black "Akhmedov, David"]
[Result "1-0"]
[WhiteElo "1829"]
[BlackElo "1433"]
[PlyCount "65"]
[EventDate "2018.05.01"]

1. e4 c5 2. c3 d5 3. exd5 Qxd5 4. d4 Nc6 5. Nf3 Bg4 6. dxc5 Qxd1+ 7. Kxd1 e5 8.
b4 e4 9. h3 Bh5 10. g4 exf3 11. gxh5 Nf6 12. Nd2 O-O-O 13. Kc2 a5 14. a3 Ne5
15. Nc4 Nxc4 16. Bxc4 Ne4 17. Bxf7 Nxf2 18. Rf1 Nd3 19. Bg5 Ne5 20. Be6+ Kc7
21. Bxd8+ Kxd8 22. Rae1 Nc6 23. Rxf3 axb4 24. Rd3+ Kc7 25. Rd7+ Kb8 26. cxb4 g6
27. b5 Ne7 28. Red1 gxh5 29. b6 Nc8 30. Rd8 Bg7 31. Rxh8 Bxh8 32. Rd8 h4 33.
Rxc8# 1-0

[Event "Team BG11 chess final 2018"]
[Site "Sochi"]
[Date "2018.05.04"]
[Round "4.2"]
[White "Lebedev, Artem S"]
[Black "Zverev, Lev"]
[Result "0-1"]
[WhiteElo "1333"]
[BlackElo "1756"]
[PlyCount "100"]
[EventDate "2018.05.01"]

1. e4 e5 2. Nf3 Nc6 3. Bb5 a6 4. Ba4 Nf6 5. O-O Be7 6. d3 b5 7. Bb3 d6 8. c3
O-O 9. a4 Rb8 10. axb5 axb5 11. Nbd2 Bg4 12. h3 Bh5 13. Re1 d5 14. Qe2 dxe4 15.
Nxe4 b4 16. Ba4 Na5 17. Nxf6+ Bxf6 18. Be3 bxc3 19. b4 Rxb4 20. Bc5 Rb2 21. Qe3
Be7 22. Qxe5 Bxc5 23. Qxc5 Bxf3 24. gxf3 Nb3 25. Bxb3 Rxb3 26. Ra7 g6 27. d4 c6
28. Qe5 c2 29. Ra2 Rb1 30. Rxc2 Re8 31. Qxe8+ Qxe8 32. Rxb1 Qd7 33. Rbc1 Qxh3
34. Rxc6 Qxf3 35. Rc8+ Kg7 36. Rd8 Kh6 37. d5 Kg5 38. d6 Qf6 39. Rcc8 Kg4 40.
Rc4+ Kf3 41. Re8 Qg5+ 42. Kf1 Qg2+ 43. Ke1 Qxf2+ 44. Kd1 Qf1+ 45. Kd2 Qxc4 46.
Re3+ Kf2 47. Rd3 Qb4+ 48. Kc1 Ke2 49. d7 Qc4+ 50. Kb2 Qxd3 0-1

[Event "Team BG11 chess final 2018"]
[Site "Sochi"]
[Date "2018.05.04"]
[Round "4.3"]
[White "Anisimov, Yuri"]
[Black "Kotelnikov, Matvei"]
[Result "0-1"]
[WhiteElo "1631"]
[BlackElo "1231"]
[PlyCount "132"]
[EventDate "2018.05.01"]

1. d4 Nf6 2. c4 c5 3. d5 b5 4. cxb5 a6 5. bxa6 Bxa6 6. Nc3 g6 7. e4 Bxf1 8.
Kxf1 d6 9. g3 Bg7 10. Kg2 O-O 11. Nf3 Nbd7 12. a4 Ng4 13. Nb5 Nge5 14. Nxe5
Nxe5 15. Re1 Qb6 16. Qc2 Rfb8 17. Bd2 Rc8 18. f4 Nd7 19. Bc3 c4 20. Bxg7 Kxg7
21. Qc3+ Kg8 22. Nd4 Nc5 23. Nc6 Rc7 24. a5 Qa6 25. e5 Nd3 26. Re2 Qb5 27. Qd4
c3 28. bxc3 Nxf4+ 29. gxf4 Qxe2+ 30. Kg3 dxe5 31. fxe5 Qh5 32. a6 Qg5+ 33. Kf2
Qf5+ 34. Ke3 Qh3+ 35. Ke4 Qxh2 36. Qb4 Qe2+ 37. Kd4 Qf2+ 38. Kc4 Qe2+ 39. Kb3
Qd3 40. Qc4 Rb8+ 41. Qb4 Qxd5+ 42. Kb2 Rxb4+ 43. Nxb4 Qd2+ 44. Kb3 Qxc3+ 45.
Ka4 Rc4 46. Rb1 Qc2+ 47. Rb3 Qa2+ 48. Ra3 Qc2+ 49. Rb3 Qa2+ 50. Ra3 Qb2 51. Rb3
Qxe5 52. a7 Rc8 53. Nc6 Qe4+ 54. Nb4 Ra8 55. Kb5 Rxa7 56. Rc3 Rb7+ 57. Ka6 Qxb4
58. Rc8+ Kg7 59. Rg8+ Kf6 60. Rxg6+ Ke5 61. Rg5+ Kd4 62. Rg4+ Kc3 63. Rg3+ Kb2
64. Rg2+ Kb3 65. Rb2+ Kc4 66. Rc2+ Qc3 0-1

[Event "Team BG11 chess final 2018"]
[Site "Sochi"]
[Date "2018.05.04"]
[Round "4.4"]
[White "Kalandia, Eka"]
[Black "Safinov, Artem"]
[Result "1/2-1/2"]
[WhiteElo "1167"]
[BlackElo "1483"]
[PlyCount "105"]
[EventDate "2018.05.01"]

1. e4 e6 2. d4 d5 3. Nd2 c5 4. Ngf3 Nc6 5. exd5 Qxd5 6. dxc5 Bxc5 7. Be2 Nf6 8.
O-O O-O 9. Nb3 Be7 10. Be3 b6 11. h3 Bb7 12. Qd2 Qxd2 13. Nfxd2 Rfd8 14. Rad1
Nd5 15. Nc4 Nxe3 16. Nxe3 Bf6 17. c3 Rac8 18. Rd2 Rxd2 19. Nxd2 Rd8 20. Nf3 g6
21. Rd1 Rxd1+ 22. Bxd1 Kf8 23. Kf1 Ke7 24. Ke2 Ba6+ 25. Kd2 Kd6 26. Be2 Bb7 27.
Nc4+ Ke7 28. Kc2 Bg7 29. Nfd2 f5 30. Bf3 e5 31. b4 e4 32. Be2 Nd8 33. f3 exf3
34. Bxf3 Bxf3 35. Nxf3 Nf7 36. Kd3 Kd7 37. Nd4 Ne5+ 38. Nxe5+ Bxe5 39. a4 a6
40. Nf3 Bf6 41. c4 Kd6 42. b5 a5 43. Kc2 Kc5 44. Kb3 g5 45. g3 h5 46. h4 gxh4
47. gxh4 f4 48. Ng5 Kd4 49. c5 Bxg5 50. hxg5 f3 51. cxb6 f2 52. b7 f1=Q 53.
b8=Q 1/2-1/2

[Event "Team BG11 chess final 2018"]
[Site "Sochi"]
[Date "2018.05.05"]
[Round "5.1"]
[White "Akhmedov, David"]
[Black "Gubarev, Vladislav"]
[Result "1-0"]
[WhiteElo "1433"]
[BlackElo "1470"]
[PlyCount "65"]
[EventDate "2018.05.01"]

1. e4 g6 2. d4 Bg7 3. Nc3 d6 4. Bg5 Nf6 5. Qd2 a6 6. f3 b5 7. O-O-O Nbd7 8. e5
dxe5 9. dxe5 Ng8 10. f4 h5 11. Qd3 Bb7 12. e6 fxe6 13. Qxg6+ Kf8 14. Qxe6 Bc8
15. Ne4 Qe8 16. Qb3 Qf7 17. Qa3 Ngf6 18. Nc5 Bh6 19. Nf3 Nxc5 20. Rd8+ Kg7 21.
Bxh6+ Rxh6 22. Qxc5 Bb7 23. Rxa8 Bxa8 24. Ng5 Qxa2 25. Qxe7+ Kg8 26. Qd8+ Kg7
27. Qxc7+ Kg6 28. Bd3+ Ne4 29. Nxe4 Qa1+ 30. Kd2 Qxb2 31. Nd6+ Be4 32. Bxe4+
Kf6 33. Qf7# 1-0

[Event "Team BG11 chess final 2018"]
[Site "Sochi"]
[Date "2018.05.05"]
[Round "5.2"]
[White "Karasov, Islam"]
[Black "Lebedev, Artem S"]
[Result "0-1"]
[WhiteElo "1056"]
[BlackElo "1333"]
[PlyCount "58"]
[EventDate "2018.05.01"]

1. e4 e5 2. Bc4 Nf6 3. d3 Nc6 4. Nf3 Bc5 5. O-O O-O 6. Bg5 d6 7. Nc3 h6 8. Bh4
Bd7 9. Nd5 g5 10. Bg3 Bg4 11. h3 Bh5 12. a3 Nxd5 13. Bxd5 Nd4 14. b4 Bb6 15.
Bxb7 Rb8 16. Bd5 Qf6 17. c3 Nxf3+ 18. gxf3 Bxf3 19. Qd2 Kh7 20. Kh2 h5 21. Kg1
Rg8 22. Qc2 h4 23. d4 hxg3 24. fxg3 g4 25. Qf2 exd4 26. c4 Qe5 27. h4 d3 28. c5
dxc5 29. bxc5 Bxc5 0-1

[Event "Team BG11 chess final 2018"]
[Site "Sochi"]
[Date "2018.05.05"]
[Round "5.3"]
[White "Kotelnikov, Matvei"]
[Black "Rodionov, Mihail"]
[Result "0-1"]
[WhiteElo "1231"]
[BlackElo "1293"]
[PlyCount "148"]
[EventDate "2018.05.01"]

1. e4 c5 2. f4 e6 3. Nf3 Nf6 4. Nc3 d5 5. Bb5+ Nc6 6. Qe2 Be7 7. O-O O-O 8. d3
a6 9. Bxc6 bxc6 10. Qf2 Rb8 11. h3 Ne8 12. Qg3 f5 13. e5 Kh8 14. Qf2 d4 15. Ne2
Nc7 16. g4 g6 17. Kh2 Bd7 18. Rg1 Rg8 19. g5 Kg7 20. Rh1 Rh8 21. Qh4 Kf7 22.
Qg3 Bc8 23. Rg1 Ke8 24. Nd2 Kf7 25. Nc4 Bb7 26. h4 Ba8 27. Qf3 Nd5 28. Bd2 Qd7
29. Kg3 h6 30. Kf2 h5 31. b3 Kg7 32. Ba5 Rb5 33. a4 Rb7 34. Ng3 Kf7 35. Qe2
Nxf4 36. Qf1 Nd5 37. Ne2 Kg7 38. Kg3 Rbb8 39. Nf4 Rbf8 40. Qf3 Nxf4 41. Qxf4
Rhg8 42. Nb6 Qb7 43. Nc4 Qb8 44. Rae1 Bd8 45. Bxd8 Qxd8 46. Nd6 Qa5 47. Re2 c4
48. Nxc4 Qc5 49. Rb1 Qa7 50. a5 c5 51. Nb6 Bc6 52. b4 cxb4 53. Rxb4 Qe7 54.
Qxd4 f4+ 55. Kf2 f3 56. Re1 Qf7 57. Qd6 Qf5 58. Qc7+ Rf7 59. Qxc6 Qh3 60. Qe4
Qh2+ 61. Ke3 f2 62. Rf1 Rgf8 63. Ke2 Rf4 64. Qb7+ R8f7 65. Nd7 Rxb4 66. Qxb4
Rxd7 67. Rxf2 Qxe5+ 68. Qe4 Qxa5 69. Qxe6 Qa4 70. Qf6+ Kh7 71. Qc3 Qxh4 72. Rf8
Re7+ 73. Kd1 Qh1+ 74. Kd2 Qe1# 0-1

[Event "Team BG11 chess final 2018"]
[Site "Sochi"]
[Date "2018.05.05"]
[Round "5.4"]
[White "Nikolaev, Artemiy"]
[Black "Kalandia, Eka"]
[Result "1-0"]
[WhiteElo "1297"]
[BlackElo "1167"]
[PlyCount "109"]
[EventDate "2018.05.01"]

1. c4 e6 2. Nc3 d5 3. d4 c6 4. cxd5 exd5 5. Qc2 Bd6 6. Nf3 Nf6 7. Bg5 h6 8. Bh4
Be7 9. e3 Nbd7 10. Bd3 O-O 11. O-O Re8 12. Rab1 a5 13. a3 Ne4 14. Bxe7 Qxe7 15.
b4 axb4 16. axb4 b5 17. Rfc1 Nb6 18. Ne5 Nc4 19. Bxc4 bxc4 20. Nxe4 dxe4 21.
Nxc6 Qe6 22. Qxc4 Qxc4 23. Rxc4 Be6 24. Rcc1 Bd5 25. h3 Bxc6 26. Rxc6 Rec8 27.
b5 Rab8 28. d5 Kf8 29. Rxc8+ Rxc8 30. f3 f5 31. Rf1 Ke7 32. fxe4 fxe4 33. Rf4
Kd6 34. Rxe4 Rb8 35. Rb4 Kxd5 36. Kf2 Kc5 37. Rb1 Rxb5 38. Rxb5+ Kxb5 39. Kf3
Kc6 40. e4 Kd6 41. Kf4 Ke6 42. e5 g6 43. g4 h5 44. Kg5 Kxe5 45. Kxg6 h4 46. Kh5
Kf6 47. Kxh4 Kg6 48. g5 Kg7 49. Kh5 Kh7 50. g6+ Kg8 51. Kh6 Kh8 52. g7+ Kg8 53.
h4 Kf7 54. Kh7 Ke6 55. g8=Q+ 1-0

[Event "Team BG11 chess final 2018"]
[Site "Sochi"]
[Date "2018.05.05"]
[Round "5.1"]
[White "Otdelnov, Kirill"]
[Black "Vetokhin, Savva"]
[Result "0-1"]
[WhiteElo "1611"]
[BlackElo "1829"]
[PlyCount "48"]
[EventDate "2018.05.01"]

1. d4 Nf6 2. c4 g6 3. Nc3 Bg7 4. e4 d6 5. f3 O-O 6. Be3 b6 7. Bd3 a6 8. Nge2 c5
9. O-O Nc6 10. a3 Ng4 11. fxg4 cxd4 12. Nxd4 Nxd4 13. h3 Be6 14. Ne2 Nc6 15.
Nf4 Bxb2 16. Nxe6 fxe6 17. Rxf8+ Kxf8 18. Rb1 Bd4 19. Bxd4 Nxd4 20. h4 Kg7 21.
g5 Qc7 22. Qg4 Rf8 23. h5 Qc5 24. Rf1 Ne2+ 0-1

[Event "Team BG11 chess final 2018"]
[Site "Sochi"]
[Date "2018.05.05"]
[Round "5.2"]
[White "Zverev, Lev"]
[Black "Prokudin, Igor"]
[Result "1-0"]
[WhiteElo "1756"]
[BlackElo "1410"]
[PlyCount "93"]
[EventDate "2018.05.01"]

1. e4 c5 2. Nf3 Nc6 3. d4 cxd4 4. Nxd4 g6 5. Nc3 Bg7 6. Be3 Nf6 7. Bc4 O-O 8.
Bb3 a5 9. f3 d5 10. exd5 Nb4 11. Nde2 a4 12. Nxa4 Nfxd5 13. Bd4 Bxd4 14. Qxd4
Bf5 15. c3 Nc2+ 16. Bxc2 Bxc2 17. Nc5 b6 18. Ne4 Ra4 19. c4 Bxe4 20. Qxe4 Nf6
21. Qc2 Ra8 22. O-O Qc7 23. a3 Rfc8 24. Rac1 Ra5 25. Qc3 Rc5 26. b3 b5 27. Qe3
bxc4 28. bxc4 Rxc4 29. Rxc4 Qxc4 30. Rc1 Qa6 31. Rxc8+ Qxc8 32. Qxe7 Kg7 33.
Qb4 Qe6 34. Kf2 Nd5 35. Qe4 Qxe4 36. fxe4 Nb6 37. Nc3 Nc4 38. a4 Kf6 39. Ke2
Ke5 40. Kd3 Na5 41. Nd1 Nb3 42. Kc4 Nd2+ 43. Kb5 Nxe4 44. a5 Nd6+ 45. Kc6 Nc8
46. Kc7 Na7 47. Kb7 1-0

[Event "Team BG11 chess final 2018"]
[Site "Sochi"]
[Date "2018.05.05"]
[Round "5.3"]
[White "Otdelnov, Viktor"]
[Black "Anisimov, Yuri"]
[Result "0-1"]
[WhiteElo "1427"]
[BlackElo "1631"]
[PlyCount "98"]
[EventDate "2018.05.01"]

1. d4 Nf6 2. Nf3 e6 3. c4 c6 4. g3 d5 5. Qc2 Bd6 6. Bg2 O-O 7. O-O Nbd7 8. Nc3
Qc7 9. c5 Be7 10. Bf4 Qd8 11. b4 b6 12. b5 Bb7 13. bxc6 Bxc6 14. Ne5 Nxe5 15.
dxe5 Nd7 16. cxb6 Nxb6 17. Rfd1 Rc8 18. Qd3 Nc4 19. Rab1 g5 20. Be3 Nxe5 21.
Qd4 Nc4 22. Qxa7 Ra8 23. Qd4 Bf6 24. Qxc4 dxc4 25. Rxd8 Raxd8 26. Bxc6 Bxc3 27.
Rc1 Bd2 28. Bxd2 Rxd2 29. Rxc4 Rxe2 30. a4 Ra2 31. Bb5 Rd8 32. Rc3 Rd1+ 33. Kg2
Rdd2 34. Rf3 Kg7 35. g4 Rd4 36. h3 Rf4 37. Kg3 Rxf3+ 38. Kxf3 h6 39. Bd7 Kf6
40. Bb5 Ke5 41. Kg3 f5 42. gxf5 exf5 43. Bd7 Ra3+ 44. Kg2 h5 45. Be8 h4 46. Bd7
Kf4 47. Bc6 g4 48. hxg4 fxg4 49. Kh2 Ra2 0-1

[Event "Team BG11 chess final 2018"]
[Site "Sochi"]
[Date "2018.05.05"]
[Round "5.4"]
[White "Sepiashvili, Ivan"]
[Black "Vlasova, Olesia"]
[Result "0-1"]
[WhiteElo "1539"]
[BlackElo "1607"]
[PlyCount "56"]
[EventDate "2018.05.01"]

1. e4 c5 2. Nf3 e6 3. d4 cxd4 4. Nxd4 Nf6 5. Nc3 Nc6 6. Ndb5 Bc5 7. Nd6+ Ke7 8.
Nc4 Re8 9. Bg5 a6 10. e5 d5 11. exd6+ Bxd6 12. Ne4 Bb4+ 13. c3 Qxd1+ 14. Rxd1
Ba5 15. g3 Rd8 16. Rxd8 Bxd8 17. Bf4 Nxe4 18. Bg2 Nf6 19. Ke2 Nd5 20. Bd6+ Ke8
21. Rd1 b5 22. Ne3 Bb7 23. Nxd5 exd5 24. Bh3 Bf6 25. f4 d4 26. Kd3 dxc3 27. Kc2
Rd8 28. Bg2 Nd4+ 0-1

[Event "Team BG11 chess final 2018"]
[Site "Sochi"]
[Date "2018.05.05"]
[Round "5.1"]
[White "Antonov, Vladimir Vl"]
[Black "Yaurov, Egor"]
[Result "0-1"]
[WhiteElo "1295"]
[BlackElo "1921"]
[PlyCount "92"]
[EventDate "2018.05.01"]

1. e4 c6 2. d4 d5 3. e5 c5 4. dxc5 Nc6 5. Nf3 Bg4 6. Bb5 e6 7. Be3 Qa5+ 8. Nc3
Nge7 9. O-O Nf5 10. Bd2 Qc7 11. h3 Bxf3 12. Qxf3 Rd8 13. Rad1 Be7 14. Bf4 O-O
15. Bxc6 bxc6 16. Ne2 Bxc5 17. Ng3 Nxg3 18. Qxg3 Kh8 19. Rd3 Be7 20. Qg4 Rb8
21. b3 Rb4 22. c3 Re4 23. Rd2 g5 24. g3 gxf4 25. f3 Rxe5 26. gxf4 Rg8 27. Qxg8+
Kxg8 28. fxe5 Qxe5 29. c4 d4 30. Rfd1 c5 31. Kg2 Bd6 32. a3 Qg3+ 33. Kh1 Qxf3+
34. Kg1 Qxh3 35. Rd3 Qh2+ 36. Kf1 Bg3 37. R3d2 Qh1+ 38. Ke2 Qe4+ 39. Kf1 Qf3+
40. Kg1 h5 41. Rf1 Qe3+ 42. Rdf2 d3 43. Kg2 Bxf2 44. Rxf2 d2 45. Rxd2 Qxd2+ 46.
Kh3 Qg5 0-1

[Event "Team BG11 chess final 2018"]
[Site "Sochi"]
[Date "2018.05.05"]
[Round "5.2"]
[White "Fomin, Nikita"]
[Black "Litvischenko, Mikhail"]
[Result "1-0"]
[WhiteElo "1565"]
[BlackElo "1101"]
[PlyCount "77"]
[EventDate "2018.05.01"]

1. e4 e5 2. Nc3 Nf6 3. f4 d6 4. Nf3 Nc6 5. Bb5 exf4 6. d4 d5 7. Ne5 Bd7 8. exd5
Nxe5 9. dxe5 Bxb5 10. Nxb5 Nxd5 11. Qxd5 Qc8 12. O-O c6 13. Nd6+ Bxd6 14. Qxd6
Qd8 15. Bxf4 Qxd6 16. exd6 O-O 17. c4 Rfe8 18. c5 Re4 19. Rad1 Rd8 20. Rd2 h6
21. d7 Re7 22. Rfd1 a6 23. Bc7 Ra8 24. d8=Q+ Rxd8 25. Rxd8+ Kh7 26. Bd6 Re6 27.
Rd7 Kg8 28. Rxb7 Re8 29. Rc7 a5 30. Rxc6 Re2 31. Rc8+ Kh7 32. c6 Rxb2 33. c7
Rxa2 34. Rh8+ Kxh8 35. c8=Q+ Kh7 36. Qf5+ Kg8 37. Be5 Kf8 38. Rd8+ Ke7 39. Qd7#
1-0

[Event "Team BG11 chess final 2018"]
[Site "Sochi"]
[Date "2018.05.05"]
[Round "5.1"]
[White "Shvedova, Alexandra"]
[Black "Kolesov, Gordey"]
[Result "1-0"]
[WhiteElo "1691"]
[BlackElo "1825"]
[PlyCount "97"]
[EventDate "2018.05.01"]

1. e4 e5 2. Nf3 Nc6 3. Bc4 Nf6 4. Ng5 d5 5. exd5 Na5 6. d3 h6 7. Nf3 e4 8. Qe2
Nxc4 9. dxc4 Bc5 10. h3 O-O 11. Nfd2 Re8 12. Nb3 Bf8 13. O-O Bf5 14. Bf4 b5 15.
Nd4 Bd7 16. Nc3 b4 17. Ncb5 Bd6 18. Bxd6 cxd6 19. Nxd6 Re5 20. f4 Re7 21. N4f5
Bxf5 22. Nxf5 Rd7 23. Qe3 Qb6 24. b3 Qxe3+ 25. Nxe3 Rc8 26. Nf5 Kf8 27. Rfe1
Re8 28. Kf2 h5 29. g3 g6 30. Nd4 Rb7 31. Nc6 Rc8 32. a3 bxa3 33. Rxa3 Ra8 34.
Rea1 a6 35. Rxa6 e3+ 36. Kxe3 Re8+ 37. Ne5 Nd7 38. Ra8 Nb8 39. Kd4 Kg7 40. R8a7
Rbe7 41. Rxe7 Rxe7 42. Ra8 Re8 43. Nd7 Nc6+ 44. dxc6 Rxa8 45. Nb6 Ra7 46. Kc5
Kf8 47. Kd6 Ra6 48. c5 Ke8 49. c7 1-0

[Event "Team BG11 chess final 2018"]
[Site "Sochi"]
[Date "2018.05.05"]
[Round "5.2"]
[White "Iakushkov, Pavel"]
[Black "Fedorova, Olesya"]
[Result "1-0"]
[WhiteElo "1554"]
[BlackElo "1455"]
[PlyCount "143"]
[EventDate "2018.05.01"]

1. Nf3 Nf6 2. g3 b5 3. Bg2 Bb7 4. Na3 a6 5. c4 e5 6. O-O e4 7. Nh4 Bxa3 8. bxa3
bxc4 9. Qa4 O-O 10. Qxc4 d5 11. Qc2 Nc6 12. Rb1 Nd4 13. Qd1 Rb8 14. d3 Nb5 15.
Bb2 Nd6 16. Qc1 h6 17. Bh1 c6 18. Qf4 Re8 19. a4 Re6 20. Nf5 Nxf5 21. Qxf5 Ba8
22. Bxf6 Rxf6 23. Qe5 Rb7 24. Rxb7 Bxb7 25. dxe4 dxe4 26. Bxe4 Re6 27. Qf4 Qd6
28. Qxd6 Rxd6 29. Rb1 Rd7 30. Rb6 Rc7 31. a5 Kf8 32. Kg2 Ke7 33. Kf3 Kd6 34.
Ke3 Bc8 35. Kd4 g6 36. h4 g5 37. hxg5 hxg5 38. Bd3 Ra7 39. Rb8 Be6 40. Rg8 f6
41. Rf8 Ke7 42. Rh8 Kd6 43. Rh6 c5+ 44. Kc3 Ke5 45. f4+ gxf4 46. gxf4+ Kxf4 47.
Rxf6+ Ke5 48. Rh6 Bxa2 49. Bc4 Bxc4 50. Kxc4 Ke4 51. Kxc5 Ke3 52. Re6+ Kd2 53.
Kb6 Rd7 54. Kxa6 Kc3 55. Kb6 Rd4 56. a6 Rb4+ 57. Kc7 Ra4 58. Kb7 Rb4+ 59. Rb6
Rg4 60. a7 Rg7+ 61. Ka6 Rg8 62. Rb8 Rg6+ 63. Ka5 Rg5+ 64. Ka4 Rg4+ 65. Ka3 Rg1
66. Rc8+ Kd4 67. a8=Q Ra1+ 68. Kb4 Rb1+ 69. Ka5 Ra1+ 70. Kb6 Rxa8 71. Rxa8 Ke3
72. Re8+ 1-0

[Event "Team BG11 chess final 2018"]
[Site "Sochi"]
[Date "2018.05.05"]
[Round "5.3"]
[White "Novikova, Daria"]
[Black "Pershin, Patrik"]
[Result "0-1"]
[WhiteElo "1380"]
[BlackElo "1602"]
[PlyCount "92"]
[EventDate "2018.05.01"]

1. d4 d5 2. c4 c6 3. Nf3 Nf6 4. Nc3 dxc4 5. Bg5 b5 6. e3 Bf5 7. Be2 Nd5 8. O-O
h6 9. Bh4 Nd7 10. Nd2 N7f6 11. Bxf6 gxf6 12. e4 Nxc3 13. bxc3 Bh7 14. f4 e6 15.
Bf3 Rc8 16. a4 Qb6 17. Kh1 a6 18. Qb1 Qb8 19. Be2 Bd6 20. g3 c5 21. axb5 axb5
22. Qb2 cxd4 23. cxd4 Qb7 24. Qc2 c3 25. Nf3 Bxe4 26. Bxb5+ Kf8 27. Qe2 c2 28.
Rac1 Rc3 29. Kg2 Bxf3+ 30. Rxf3 Rxf3 31. Qxf3 Qxb5 32. Rxc2 Ke7 33. Ra2 Qb6 34.
Qc3 Qb7+ 35. Kf2 Rc8 36. Qa1 Rc7 37. Rb2 Qe4 38. Qd1 Rd7 39. Rd2 Qd5 40. Qf3
Qc4 41. Qe2 Qb4 42. Qd3 Bc5 43. Qc2 Bxd4+ 44. Kg2 Qb7+ 45. Kf1 Qf3+ 46. Ke1 Bc3
0-1

[Event "Team BG11 chess final 2018"]
[Site "Sochi"]
[Date "2018.05.05"]
[Round "5.4"]
[White "Kondrashev, Kirill"]
[Black "Mikhailina, Olga"]
[Result "1/2-1/2"]
[WhiteElo "1575"]
[BlackElo "1260"]
[PlyCount "98"]
[EventDate "2018.05.01"]

1. e4 c5 2. Nf3 d6 3. d4 cxd4 4. Nxd4 Nf6 5. Nc3 a6 6. f3 e6 7. Be3 b5 8. a3
Bb7 9. Qd2 Nbd7 10. O-O-O Rc8 11. g4 h6 12. Be2 d5 13. exd5 Nxd5 14. Nxd5 Bxd5
15. Kb1 Ne5 16. Rhe1 Nc4 17. Qc1 b4 18. Bxc4 Rxc4 19. b3 Rc8 20. a4 Bc5 21. Nf5
Bxe3 22. Nxe3 Rc5 23. Qd2 O-O 24. Qxb4 Qc7 25. Nxd5 exd5 26. Qd2 Rc8 27. Re2
Rc3 28. Rde1 Qc6 29. Re8+ Rxe8 30. Rxe8+ Kh7 31. Re3 Rc5 32. Qd3+ g6 33. h4 Kg7
34. Qd4+ Kg8 35. Re8+ Qxe8 36. Qxc5 Qe1+ 37. Kb2 Qe5+ 38. Ka2 Qe2 39. Qc8+ Kh7
40. Qc3 Qf2 41. h5 gxh5 42. gxh5 d4 43. Qd3+ Kg7 44. Qf5 Qe3 45. f4 Qf2 46. b4
Qd2 47. Qe5+ Kh7 48. Qe4+ Kg7 49. Qe5+ Kh7 1/2-1/2

[Event "Team BG11 chess final 2018"]
[Site "Sochi"]
[Date "2018.05.07"]
[Round "6.1"]
[White "Gubarev, Vladislav"]
[Black "Sirotkina, Elizaveta"]
[Result "1-0"]
[WhiteElo "1470"]
[BlackElo "1154"]
[PlyCount "161"]
[EventDate "2018.05.01"]

1. b3 g6 2. Bb2 Nf6 3. g3 Bg7 4. Bg2 c6 5. Nf3 d5 6. O-O O-O 7. d3 e6 8. Nbd2
Nbd7 9. c4 b6 10. Rc1 Bb7 11. Re1 Re8 12. e4 Nc5 13. Qc2 dxe4 14. Nxe4 Nfxe4
15. Bxg7 Nxg3 16. Be5 Nf5 17. d4 Nd7 18. Bf4 c5 19. dxc5 Nxc5 20. Rcd1 Qe7 21.
Qc3 Ne4 22. Qc2 Nc5 23. Qb2 Bxf3 24. Bxf3 Rad8 25. Rxd8 Rxd8 26. Rd1 Rxd1+ 27.
Bxd1 Nd3 28. Qd2 Nxf4 29. Qxf4 Qd6 30. Qf3 Kg7 31. Qc3+ Qd4 32. Qc2 Nd6 33. Bf3
Qf4 34. Qd3 Nf5 35. Qc3+ Nd4 36. Bd1 e5 37. Qe3 Qxe3 38. fxe3 Nf5 39. Kf2 Kf6
40. Bf3 Ne7 41. Bb7 Kg5 42. e4 f5 43. Ke3 f4+ 44. Kf3 Kh4 45. b4 Kh3 46. c5
bxc5 47. bxc5 Kxh2 48. c6 Nxc6 49. Bxc6 h5 50. Be8 h4 51. Bxg6 Kg1 52. Bf5 Kf1
53. a4 a5 54. Be6 Ke1 55. Kg4 Kd2 56. Kxh4 f3 57. Bh3 Ke3 58. Kg3 Kxe4 59. Bg4
Ke3 60. Bxf3 e4 61. Bg4 Kd2 62. Kf2 e3+ 63. Kf1 Kd3 64. Ke1 Ke4 65. Ke2 Kd4 66.
Bf5 Ke5 67. Bc2 Kd4 68. Bd3 Kc5 69. Kxe3 Kb4 70. Bb5 Kc5 71. Ke4 Kb6 72. Kd5
Ka7 73. Kc6 Ka8 74. Kb6 Kb8 75. Kxa5 Ka7 76. Bc6 Kb8 77. Kb6 Kc8 78. a5 Kd8 79.
a6 Ke7 80. a7 Kd6 81. a8=Q 1-0

[Event "Team BG11 chess final 2018"]
[Site "Sochi"]
[Date "2018.05.07"]
[Round "6.2"]
[White "Maltseva, Aleksandra"]
[Black "Karasov, Islam"]
[Result "1-0"]
[WhiteElo "1153"]
[BlackElo "1056"]
[PlyCount "123"]
[EventDate "2018.05.01"]

1. e4 e5 2. Nf3 d6 3. Bc4 h6 4. Nc3 Bg4 5. Nxe5 dxe5 6. Qxg4 Nf6 7. Qg3 Nc6 8.
d3 Qd7 9. h3 O-O-O 10. Be3 a6 11. a3 g5 12. O-O-O Bg7 13. h4 g4 14. f3 h5 15.
fxg4 hxg4 16. Rdf1 Nh5 17. Qf2 f6 18. Rhg1 Bh6 19. Bxh6 Rxh6 20. Qe3 Rg6 21.
Rf5 Nf4 22. g3 Nh3 23. Rgf1 Qg7 24. Ne2 Rh6 25. Kb1 Ne7 26. Qa7 c6 27. Qb6 Rd6
28. Qc5 Nxf5 29. Rxf5 Qe7 30. d4 Rd7 31. Be6 Kc7 32. Bxd7 Qxc5 33. dxc5 Kxd7
34. c4 Ke6 35. Rf1 Rh5 36. Ng1 Nxg1 37. Rxg1 f5 38. exf5+ Rxf5 39. Rg2 e4 40.
Kc2 Rxc5 41. Kc3 b5 42. b3 a5 43. Rf2 a4 44. Rf4 axb3 45. Rxe4+ Kf5 46. Rf4+
Kg6 47. Rxg4+ Kh5 48. Rg5+ Rxg5 49. hxg5 b2 50. Kxb2 Kxg5 51. cxb5 cxb5 52. Kb3
Kg4 53. Kb4 Kxg3 54. Kxb5 Kf4 55. Kb6 Ke5 56. Kb7 Kd5 57. a4 Kc5 58. a5 Kd4 59.
a6 Ke3 60. a7 Kf3 61. a8=Q Ke3 62. Qa4 1-0